Statistics for Top 10 Arsenal Goalscorers

Click here to take the quiz!

General Stats

  • This quiz has been taken 5,312 times
    (5,311 since last reset)
  • The average score is 3 of 10

Answer Stats

PlacePlayer# Goals% Correct
1Thierry Henry229
99%
2Ian Wright185
77%
8Robin van Persie126
72%
3Cliff Bastin178
18%
=5Ted Drake139
12%
4John Radford149
7%
10David Jack124
4%
=5Jimmy Brain139
3%
7Doug Lishman137
3%
9Joe Hulme125
3%

Score Distribution

Percentile by Number Answered

Percent of People with Each Score

Your Score History

You have not taken this quiz since the last reset